000 00688nam a2200193 a 4500
001 BRCA_275
005 20190320202936.0
008 290508s1981----mx-#---###---#000-0#spa-#
050 4 _aF1211
_b.D96 1981
100 1 _aDumas, Alexandre
_d1802-1870
_9916
245 1 0 _aDiario de Marie Giovanni
_bviaje de una parisiense
_cAlexandre Dumas ; introducción Jacqueline Covo ; traducción de Juan José Utrilla.
260 _aMéxico
_bBanco de México
_c1981
300 _a527 p.
_c21 cm.
650 1 4 _aVida cotidiana
_ySiglo XIX
_zMéxico
_9917
650 1 4 _aLibros de viajeros extranjeros en México
_9918
700 1 _aCovo, Jacqueline
_9919
700 1 _aUtrilla, Juan José
_9920
942 _2lcc
_cB
999 _c220
_d220